[Event "Regensburg Donau Cup 2nd"]
[Site "Regensburg"]
[Date "2018.05.13"]
[Round "7"]
[White "Aumueller, Naum"]
[Black "Troidl, Thomas"]
[Result "1/2-1/2"]
[WhiteElo "1311"]
[BlackElo "1925"]
[PlyCount "33"]
[EventDate "2018.05.09"]
[EventType "swiss"]
[EventRounds "7"]
[EventCountry "GER"]
[SourceTitle "CBM 184 Extra"]
[Source "ChessBase"]
[SourceDate "2018.06.28"]
[SourceVersion "1"]
[SourceVersionDate "2018.06.28"]
[SourceQuality "1"]

1. e4 c5 2. Nf3 d6 3. d4 cxd4 4. Qxd4 Nc6 5. Bb5 Bd7 6. Bxc6 Bxc6 7. Nc3 Nf6 8. Bg5 e5 9. Qd3 Be7 10. 0-0-0 Qa5 11. Bxf6 gxf6 12. h4 0-0-0 13. Nd5 Bf8 14. Kb1 Bxd5 15. Qxd5 Qxd5 16. Rxd5 Rg8 17. g3 1/2-1/2

[Event "Regensburg Donau Cup 2nd"]
[Site "Regensburg"]
[Date "2018.05.10"]
[Round "2"]
[White "Troidl, Thomas"]
[Black "Kleibel, Uwe"]
[Result "1-0"]
[WhiteElo "1925"]
[BlackElo "2172"]
[PlyCount "87"]
[EventDate "2018.05.09"]
[EventType "swiss"]
[EventRounds "7"]
[EventCountry "GER"]
[SourceTitle "CBM 184 Extra"]
[Source "ChessBase"]
[SourceDate "2018.06.28"]
[SourceVersion "1"]
[SourceVersionDate "2018.06.28"]
[SourceQuality "1"]

1. e4 d6 2. d4 Nf6 3. Nc3 c6 4. Nf3 Bg4 5. Be2 e6 6. 0-0 d5 7. e5 Nfd7 8. a3 Be7 9. b4 a5 10. b5 c5 11. Be3 a4 12. h3 Bh5 13. g4 Bg6 14. Bd3 Qc7 15. Ne2 Nb6 16. h4 c4 17. Bxg6 hxg6 18. Kg2 N8d7 19. Rh1 Ra5 20. Nc3 Nc8 21. Bg5 Bf8 22. Qd2 Na7 23. h5 gxh5 24. Rxh5 Rxh5 25. gxh5 Nxb5 26. Nxb5 Rxb5 27. h6 gxh6 28. Bxh6 Rb2 29. Rh1 Bxa3 30. Ra1 Bb4 31. Qf4 Nb6 32. Bg5 f5 33. Bf6 a3 34. c3 Bf8 35. Ng5 Qc8 36. Qh4 a2 37. Qh5+ Kd7 38. Qf7+ Kc6 39. Nxe6 Ba3 40. Nd8+ Kb5 41. e6 Ka4 42. e7 Bxe7 43. Qxe7 f4 44. Rxa2+ 1-0

[Event "Regensburg Donau Cup 2nd"]
[Site "Regensburg"]
[Date "2018.05.10"]
[Round "3"]
[White "Zenker, Ulrich"]
[Black "Troidl, Thomas"]
[Result "1-0"]
[WhiteElo "2172"]
[BlackElo "1925"]
[PlyCount "141"]
[EventDate "2018.05.09"]
[EventType "swiss"]
[EventRounds "7"]
[EventCountry "GER"]
[SourceTitle "CBM 184 Extra"]
[Source "ChessBase"]
[SourceDate "2018.06.28"]
[SourceVersion "1"]
[SourceVersionDate "2018.06.28"]
[SourceQuality "1"]

1. Nf3 f5 2. c4 Nf6 3. Nc3 e6 4. g3 c6 5. Bg2 d5 6. cxd5 exd5 7. d4 Bd6 8. Bf4 0-0 9. e3 Ne4 10. 0-0 Bxf4 11. exf4 Nd7 12. Qc2 Ndf6 13. Ne5 Qb6 14. Rad1 Be6 15. Na4 Qc7 16. Rc1 Rac8 17. Rfe1 Rfe8 18. b3 h6 19. f3 Nd6 20. Bh3 Nd7 21. Nc5 Nxc5 22. dxc5 Nf7 23. Bxf5 Nxe5 24. fxe5 Bxf5 25. Qxf5 Rf8 26. Qd3 Rce8 27. f4 Qd7 28. Kg2 h5 29. Rf1 Qe7 30. h4 Qf7 31. Rce1 Qf5 32. Qxf5 Rxf5 33. Kf3 Kf7 34. Ke3 Ke6 35. Kd4 g6 36. b4 Rf7 37. Rb1 a6 38. a4 Ra8 39. Rb3 Rc7 40. g4 hxg4 41. Rg3 Kf5 42. Rfg1 Rh8 43. Rxg4 Rg7 44. Rg5+ Ke6 45. Rxg6+ Rxg6 46. Rxg6+ Kf7 47. Rf6+ Ke7 48. b5 axb5 49. axb5 Rxh4 50. bxc6 bxc6 51. Rxc6 Rxf4+ 52. Kxd5 Rf1 53. Rc7+ Kd8 54. Kc6 Re1 55. Rd7+ Ke8 56. Rd5 Ke7 57. Kc7 Ke6 58. Rd8 Rc1 59. c6 Kxe5 60. Kd7 Rd1+ 61. Kc8 Rb1 62. c7 Ke6 63. Rd4 Ke7 64. Re4+ Kf7 65. Kd7 Rd1+ 66. Kc6 Rc1+ 67. Kd6 Kf6 68. Re8 Rd1+ 69. Kc6 Rc1+ 70. Kb6 Rb1+ 71. Ka5 1-0

[Event "Regionalliga NO 1617"]
[Site "Bayern"]
[Date "2016.11.20"]
[Round "2.7"]
[White "Bolten, Daniel"]
[Black "Troidl, Thomas"]
[Result "0-1"]
[WhiteElo "1925"]
[BlackElo "1916"]
[PlyCount "44"]
[EventDate "2016.10.16"]
[EventType "team-tourn"]
[EventRounds "9"]
[EventCountry "GER"]
[SourceTitle "EXT 2019"]
[Source "ChessBase"]
[SourceDate "2018.10.10"]
[SourceVersion "1"]
[SourceVersionDate "2018.10.10"]
[SourceQuality "1"]
[WhiteTeam "Nuernberg Sued SW II"]
[BlackTeam "Kareth Lappersdorf II"]
[WhiteTeamCountry "GER"]
[BlackTeamCountry "GER"]

1. d4 f5 2. Nf3 Nf6 3. c4 e6 4. Nc3 d5 5. e3 c6 6. Bd3 Bd6 7. 0-0 0-0 8. b3 Ne4 9. Bb2 Nd7 10. Qc2 Ndf6 11. Ne5 Nxc3 12. Bxc3 Ne4 13. Bb2 Rf6 14. f3 Ng5 15. e4 Bxe5 16. dxe5 Rf8 17. cxd5 cxd5 18. exf5 exf5 19. Rad1 Bd7 20. Qf2 Qe7 21. Bb1 Bc6 22. Qh4 Nxf3+ 0-1

[Event "Regionalliga NO 1314"]
[Site "Bayern"]
[Date "2014.04.06"]
[Round "9.7"]
[White "Abel, Peter"]
[Black "Troidl, Thomas"]
[Result "1-0"]
[WhiteElo "2168"]
[BlackElo "1882"]
[PlyCount "93"]
[EventDate "2013.10.13"]
[EventType "team-tourn"]
[EventRounds "9"]
[EventCountry "GER"]
[SourceTitle "EXT 2020"]
[Source "ChessBase"]
[SourceDate "2019.10.17"]
[SourceVersion "1"]
[SourceVersionDate "2019.10.17"]
[SourceQuality "1"]
[WhiteTeam "Nuernberg Sued SW II"]
[BlackTeam "Kareth Lappersdorf II"]
[WhiteTeamCountry "GER"]
[BlackTeamCountry "GER"]

1. c4 e5 2. Nc3 Nf6 3. Nf3 Nc6 4. e3 d5 5. cxd5 Nxd5 6. Bb5 Nxc3 7. bxc3 Bd6 8. d4 exd4 9. cxd4 0-0 10. 0-0 Bg4 11. h3 Bh5 12. Bb2 Qf6 13. Be2 Bg6 14. Qb3 a5 15. d5 Ne5 16. Nd4 a4 17. Qb5 Qe7 18. Rac1 Ra6 19. Bc3 Be4 20. f3 Rb6 21. Qxa4 Bxd5 22. Nf5 Qg5 23. e4 Bc5+ 24. Kh1 Rg6 25. g4 Bc6 26. Qc2 Nd7 27. h4 Qf4 28. Bd2 Qe5 29. Bc3 Qe8 30. Bd3 Ne5 31. Bxe5 Qxe5 32. Qxc5 Re6 33. Qxe5 Rxe5 34. Bc4 g6 35. Nd4 Bd7 36. Bd3 c6 37. Rf2 Rd8 38. Bc2 c5 39. Nb3 Ra8 40. Bd3 b6 41. Kg2 Ra4 42. Kg3 Re8 43. Rb2 Rc8 44. Nd2 Rd4 45. Be2 b5 46. Nb3 Rb4 47. Rd2 1-0

[Event "Regionalliga NO 1314"]
[Site "Bayern"]
[Date "2014.02.09"]
[Round "6.4"]
[White "Priborsky, Marek"]
[Black "Troidl, Thomas"]
[Result "1/2-1/2"]
[WhiteElo "2166"]
[BlackElo "1905"]
[PlyCount "53"]
[EventDate "2013.10.13"]
[EventType "team-tourn"]
[EventRounds "9"]
[EventCountry "GER"]
[SourceTitle "EXT 2015"]
[Source "ChessBase"]
[SourceDate "2014.11.20"]
[SourceVersion "1"]
[SourceVersionDate "2014.11.20"]
[SourceQuality "1"]
[WhiteTeam "Bad Koetzting"]
[BlackTeam "Kareth Lappersdorf II"]
[WhiteTeamCountry "GER"]
[BlackTeamCountry "GER"]

1. e4 c5 2. c3 d5 3. exd5 Qxd5 4. d4 e5 5. Nf3 cxd4 6. cxd4 Bb4+ 7. Nc3 Nc6 8. Bd2 Bxc3 9. Bxc3 exd4 10. Nxd4 Nxd4 11. Bxd4 Nf6 12. Bxf6 Qxd1+ 13. Rxd1 gxf6 14. Bb5+ Ke7 15. Rc1 a6 16. Bd3 f5 17. 0-0 Kf6 18. Rc7 b5 19. f4 Rd8 20. Rf3 Be6 21. Rc6 Kg7 22. Rg3+ Kf8 23. Rc5 Rac8 24. Rxc8 Rxc8 25. a3 Ke7 26. Re3 Kf6 27. Kf2 1/2-1/2

[Event "Bayern-chI Bank Hofmann 17th"]
[Site "Bad Wiessee"]
[Date "2013.10.26"]
[Round "1"]
[White "Lampert, Jonas"]
[Black "Troidl, Thomas"]
[Result "1/2-1/2"]
[WhiteElo "2376"]
[BlackElo "1974"]
[PlyCount "114"]
[EventDate "2013.10.26"]
[EventType "swiss"]
[EventRounds "9"]
[EventCountry "GER"]
[SourceTitle "EXT 2014"]
[Source "ChessBase"]
[SourceDate "2013.11.20"]
[SourceVersion "1"]
[SourceVersionDate "2013.11.20"]
[SourceQuality "1"]

1. d4 f5 2. g3 g6 3. Bg2 Nf6 4. c4 Bg7 5. Nc3 0-0 6. Nf3 e6 7. 0-0 d5 8. Bf4 c6 9. c5 Nbd7 10. b4 h6 11. Qc2 g5 12. Bd6 Rf7 13. Ne5 Nxe5 14. Bxe5 Bd7 15. f3 g4 16. a4 Be8 17. Qd3 h5 18. h4 gxh3 19. Bxh3 Nh7 20. Qe3 Ng5 21. Bg2 Bh6 22. Bf4 Qf6 23. Kf2 Rh7 24. Rh1 Bg6 25. Ke1 Re8 26. Bxg5 Bxg5 27. f4 Bh6 28. Qf2 Bf8 29. Kd2 b6 30. a5 bxc5 31. bxc5 Rb7 32. Rhb1 Reb8 33. Kc2 Rxb1 34. Rxb1 Rxb1 35. Nxb1 Qd8 36. Qe1 Qb8 37. Na3 h4 38. e3 hxg3 39. Qxg3 Kf7 40. Qe1 Be7 41. Bf1 Bh5 42. Bd3 Bd8 43. a6 Bf3 44. Qb1 Qxb1+ 45. Nxb1 Ba5 46. Nc3 Bxc3 47. Kxc3 Ke7 48. Kd2 Bh5 49. Ke1 Be8 50. Kf2 Bh5 51. Kg3 Be8 52. Kh4 Kf6 53. Be2 Bd7 54. Kh5 Be8+ 55. Kh6 Bd7 56. Kh7 Be8 57. Kg8 Ke7 1/2-1/2

[Event "Wiesbaden op 25th"]
[Site "Wiesbaden"]
[Date "2013.08.24"]
[Round "4"]
[White "Troidl, Thomas"]
[Black "Klimshin, Ilia"]
[Result "1-0"]
[WhiteElo "1991"]
[BlackElo "1723"]
[PlyCount "121"]
[EventDate "2013.08.22"]
[EventType "swiss"]
[EventRounds "7"]
[EventCountry "GER"]
[SourceTitle "EXT 2014"]
[Source "ChessBase"]
[SourceDate "2013.11.20"]
[SourceVersion "1"]
[SourceVersionDate "2013.11.20"]
[SourceQuality "1"]

1. e4 d5 2. exd5 Qxd5 3. Nc3 Qd6 4. Nf3 Nf6 5. g3 a6 6. Bg2 Bg4 7. 0-0 Nc6 8. d3 e6 9. Bf4 Qd7 10. h3 Bh5 11. g4 Bg6 12. a3 Bd6 13. Qd2 Bxf4 14. Qxf4 Qd6 15. Qa4 0-0 16. b4 b5 17. Qb3 Rab8 18. Rfe1 Nd4 19. Nxd4 Qxd4 20. Ne2 Qd6 21. Rad1 h6 22. Qb2 Rfd8 23. Nc1 Qd4 24. Qxd4 Rxd4 25. Nb3 Rd6 26. Nc5 Nd7 27. Nb7 Rb6 28. Na5 Kf8 29. Nc6 Rc8 30. c4 bxc4 31. dxc4 Nb8 32. Na7 Re8 33. c5 Rb5 34. Nxb5 axb5 35. Rd2 Ke7 36. f4 Rd8 37. Rxd8 Kxd8 38. Ra1 Bc2 39. Ra2 Bb3 40. Rd2+ Ke7 41. Kf2 Nd7 42. Bc6 Nf6 43. Ke3 Bc4 44. g5 hxg5 45. fxg5 Nd5+ 46. Bxd5 exd5 47. Kf4 c6 48. Rd1 g6 49. Re1+ Kd7 50. Ke5 Ke7 51. Re3 Ba2 52. Rf3 Bb1 53. Rf6 Bf5 54. h4 Be6 55. h5 gxh5 56. g6 d4 57. g7 d3 58. g8Q d2 59. Rxe6+ fxe6 60. Qxe6+ Kf8 61. Qd6+ 1-0

[Event "Nago Torbole op-A"]
[Site "Nago Torbole"]
[Date "2010.12.26"]
[Round "2"]
[White "Troidl, Thomas"]
[Black "Dappiano, Andrea"]
[Result "0-1"]
[WhiteElo "1915"]
[BlackElo "2062"]
[PlyCount "68"]
[EventDate "2010.12.26"]
[EventType "swiss"]
[EventRounds "7"]
[EventCountry "ITA"]
[SourceTitle "EXT 2024"]
[Source "ChessBase"]
[SourceDate "2023.10.10"]
[SourceVersion "1"]
[SourceVersionDate "2023.10.10"]
[SourceQuality "1"]

1. e4 d6 2. d4 Nf6 3. Nc3 e5 4. dxe5 dxe5 5. Qxd8+ Kxd8 6. Bg5 Be6 7. 0-0-0+ Nbd7 8. Nd5 Kc8 9. Bxf6 Nxf6 10. Nxf6 gxf6 11. Kb1 Bc5 12. f3 c6 13. Bd3 Kc7 14. Ne2 h5 15. Rhf1 Rag8 16. g3 Bh3 17. f4 Bxf1 18. Rxf1 Bd6 19. fxe5 Bxe5 20. c3 h4 21. Bc4 hxg3 22. hxg3 Rh2 23. Bxf7 Rd8 24. Nf4 Rdd2 25. Ne6+ Kb6 26. Nd4 c5 27. Nf3 Rxb2+ 28. Kc1 Rhc2+ 29. Kd1 Bxc3 30. Ne1 Re2 31. Bb3 Rxe1+ 32. Rxe1 Rb1+ 33. Kc2 Rxe1 34. Kxc3 Rxe4 0-1

[Event "Regionalliga NO 0405"]
[Site "Bayern"]
[Date "2004.12.12"]
[Round "4.4"]
[White "Novak, Michal"]
[Black "Troidl, Thomas"]
[Result "1-0"]
[WhiteElo "2162"]
[BlackElo "1869"]
[PlyCount "125"]
[EventDate "2004.10.24"]
[EventType "team-tourn"]
[EventRounds "9"]
[EventCountry "GER"]
[SourceTitle "EXT 2007"]
[Source "ChessBase"]
[SourceDate "2006.11.23"]
[SourceVersion "1"]
[SourceVersionDate "2006.11.23"]
[SourceQuality "1"]
[WhiteTeam "Sinzing"]
[BlackTeam "Regensburg Fortuna III"]
[WhiteTeamCountry "GER"]
[BlackTeamCountry "GER"]

1. e4 c5 2. Nf3 d6 3. d4 cxd4 4. Nxd4 Nf6 5. Nc3 g6 6. g3 Bg7 7. Bg2 0-0 8. 0-0 Nc6 9. Nde2 Bg4 10. h3 Bxe2 11. Qxe2 Rc8 12. Be3 Qa5 13. Nb5 a6 14. Nd4 Qe5 15. c3 Qa5 16. f4 Nh5 17. Nxc6 bxc6 18. Kh2 e5 19. f5 d5 20. g4 Nf4 21. Qf3 dxe4 22. Qxe4 g5 23. f6 Bxf6 24. Qf5 Nxg2 25. Qxf6 Nxe3 26. Qxg5+ Kh8 27. Qf6+ Kg8 28. Qg5+ Kh8 29. Qxe3 Rb8 30. b4 Qd5 31. Rae1 Qxa2+ 32. Re2 Qd5 33. Qxe5+ Qxe5+ 34. Rxe5 Rb5 35. Rxb5 cxb5 36. Rf6 Rc8 37. Rxa6 Rxc3 38. Rb6 Rc2+ 39. Kg3 Rc3+ 40. Kh4 h5 41. Kxh5 Rxh3+ 42. Kg5 Kg7 43. Rxb5 f6+ 44. Kf4 Rh1 45. Rb8 Rf1+ 46. Ke4 Re1+ 47. Kf3 Rf1+ 48. Kg2 Rf4 49. Kg3 Rd4 50. b5 Rb4 51. b6 Rb3+ 52. Kf4 Rb4+ 53. Kf5 Rb5+ 54. Ke6 Rb4 55. Rb7+ Kg6 56. Rb8 Kg7 57. b7 Rb6+ 58. Kd7 Rb4 59. Kc6 Rb1 60. Re8 Rc1+ 61. Kd5 Rd1+ 62. Kc4 Rc1+ 63. Kd3 1-0

[Event "Regionalliga NO 0405"]
[Site "Bayern"]
[Date "2004.11.28"]
[Round "3.4"]
[White "Troidl, Thomas"]
[Black "Soergel, Frank"]
[Result "0-1"]
[WhiteElo "1869"]
[BlackElo "2063"]
[PlyCount "60"]
[EventDate "2004.10.24"]
[EventType "team-tourn"]
[EventRounds "9"]
[EventCountry "GER"]
[SourceTitle "EXT 2007"]
[Source "ChessBase"]
[SourceDate "2006.11.23"]
[SourceVersion "1"]
[SourceVersionDate "2006.11.23"]
[SourceQuality "1"]
[WhiteTeam "Regensburg Fortuna III"]
[BlackTeam "Schwabach"]
[WhiteTeamCountry "GER"]
[BlackTeamCountry "GER"]

1. e4 d6 2. d4 Nf6 3. Nc3 e5 4. dxe5 dxe5 5. Qxd8+ Kxd8 6. Bg5 Be6 7. 0-0-0+ Nbd7 8. Nf3 Bd6 9. Bb5 Kc8 10. Bxd7+ Nxd7 11. a3 Bc5 12. Rd2 f6 13. Bh4 c6 14. b4 Be7 15. Na4 Kc7 16. Kb2 a5 17. b5 cxb5 18. Nc3 Bxa3+ 19. Kxa3 b4+ 20. Kb2 bxc3+ 21. Kxc3 Nc5 22. Re1 Na4+ 23. Kd3 Nb2+ 24. Kc3 Nc4 25. Rdd1 b5 26. Bg3 b4+ 27. Kb3 Ne3+ 28. Kb2 Nxd1+ 29. Rxd1 Rhd8 30. Nd4 Kb6 0-1

[Event "Regionalliga NO 0304"]
[Site "Bayern"]
[Date "2004.03.07"]
[Round "7.7"]
[White "Troidl, Thomas"]
[Black "Frank, Gerhard"]
[Result "1/2-1/2"]
[WhiteElo "1890"]
[BlackElo "1823"]
[PlyCount "101"]
[EventDate "2003.10.??"]
[EventType "team-tourn"]
[EventRounds "9"]
[EventCountry "GER"]
[SourceTitle "EXT 2006"]
[Source "ChessBase"]
[SourceDate "2005.11.24"]
[SourceVersion "1"]
[SourceVersionDate "2005.11.24"]
[SourceQuality "1"]
[WhiteTeam "Regensburg Fortuna III"]
[BlackTeam "Gunzenhausen"]
[WhiteTeamCountry "GER"]
[BlackTeamCountry "GER"]

1. e4 e6 2. Ne2 Ne7 3. d4 d6 4. c4 Nd7 5. Nbc3 g6 6. Ng3 Bg7 7. Be3 Nf6 8. Bd3 c6 9. 0-0 e5 10. d5 c5 11. h3 Bd7 12. a3 0-0 13. f4 exf4 14. Bxf4 Ne8 15. Qd2 Qc8 16. Kh2 f5 17. Bg5 fxe4 18. Ncxe4 Nf5 19. Nxf5 Bxf5 20. Bf4 Bxe4 21. Bxe4 Rxf4 22. Rxf4 Be5 23. g3 Bxf4 24. Qxf4 Qd7 25. Bf3 Ng7 26. Bg4 Qe7 27. Qd2 Re8 28. Rf1 h5 29. Bd1 Qe3 30. Qxe3 Rxe3 31. Rf6 Rd3 32. Bf3 Kh7 33. Be4 Rd2+ 34. Kg1 Nf5 35. Bxf5 gxf5 36. Rf7+ Kg6 37. Rxb7 Kf6 38. b4 cxb4 39. axb4 Rc2 40. Rd7 Rxc4 41. Rxd6+ Ke5 42. Ra6 Rxb4 43. d6 Rd4 44. Rxa7 Rxd6 45. Rh7 Ke4 46. Rxh5 Rd1+ 47. Kf2 Rd2+ 48. Ke1 Rg2 49. Rg5 Rh2 50. h4 f4 51. gxf4 1/2-1/2

[Event "Regionalliga NO 0304"]
[Site "Bayern"]
[Date "2004.02.15"]
[Round "6.7"]
[White "Paerr, Manfred"]
[Black "Troidl, Thomas"]
[Result "0-1"]
[WhiteElo "1934"]
[BlackElo "1890"]
[PlyCount "109"]
[EventDate "2003.10.??"]
[EventType "team-tourn"]
[EventRounds "9"]
[EventCountry "GER"]
[SourceTitle "EXT 2006"]
[Source "ChessBase"]
[SourceDate "2005.11.24"]
[SourceVersion "1"]
[SourceVersionDate "2005.11.24"]
[SourceQuality "1"]
[WhiteTeam "Kareth Lappersdorf"]
[BlackTeam "Regensburg Fortuna III"]
[WhiteTeamCountry "GER"]
[BlackTeamCountry "GER"]

1. e4 c5 2. Nc3 d6 3. g3 Nc6 4. Bg2 Nf6 5. d3 g6 6. f4 Bg7 7. Nge2 0-0 8. 0-0 Bg4 9. h3 Bxe2 10. Nxe2 e6 11. Be3 Rc8 12. Qd2 b6 13. g4 d5 14. e5 d4 15. Bf2 Nd5 16. Ng3 b5 17. Ne4 Qb6 18. g5 Nce7 19. Nd6 Rc7 20. h4 Nc8 21. Ne4 Nce7 22. h5 Nf5 23. h6 Bh8 24. Rac1 Nfe3 25. Bxe3 Nxe3 26. Rfe1 Nf5 27. Bh3 Ne7 28. Kh2 Rd8 29. Bg2 Nf5 30. Bh3 Ne7 31. Nd6 Rxd6 32. exd6 Qxd6 33. Re4 Nd5 34. Kh1 Ne3 35. c3 Nd5 36. c4 bxc4 37. dxc4 Nb4 38. Rce1 Rc8 39. b3 Rd8 40. a3 Nc6 41. Qd3 Na5 42. f5 gxf5 43. Bxf5 Qc6 44. Bg4 Rb8 45. Bd1 Qb7 46. Bc2 e5 47. Kh2 f5 48. gxf6 Bxf6 49. Rg4+ Kf8 50. Qf5 Qf7 51. Reg1 Ke7 52. Rg7 Bxg7 53. Rxg7 Rf8 54. Qxe5+ Kd8 55. Qb8+ 0-1

[Event "Regionalliga NO 0304"]
[Site "Bayern"]
[Date "2003.10.12"]
[Round "1.6"]
[White "Troidl, Thomas"]
[Black "Weigert, Dieter"]
[Result "1/2-1/2"]
[WhiteElo "1890"]
[BlackElo "1852"]
[PlyCount "143"]
[EventDate "2003.10.??"]
[EventType "team-tourn"]
[EventRounds "9"]
[EventCountry "GER"]
[SourceTitle "EXT 2006"]
[Source "ChessBase"]
[SourceDate "2005.11.24"]
[SourceVersion "1"]
[SourceVersionDate "2005.11.24"]
[SourceQuality "1"]
[WhiteTeam "Regensburg Fortuna III"]
[BlackTeam "Regensburg Bavaria"]
[WhiteTeamCountry "GER"]
[BlackTeamCountry "GER"]

1. e4 c5 2. Nf3 d6 3. d4 cxd4 4. Nxd4 Nf6 5. Nc3 Nc6 6. Nb3 e6 7. Bg5 Be7 8. Be2 0-0 9. 0-0 a6 10. a4 Qc7 11. f4 Bd7 12. Rf3 Rad8 13. Rh3 h6 14. Qe1 Nh7 15. Bxe7 Nxe7 16. Rd1 f5 17. Qd2 fxe4 18. Nxe4 Bxa4 19. Bg4 Nf5 20. Bxf5 Rxf5 21. Nd4 Rff8 22. Nxe6 Qxc2 23. Nc3 Qxd2 24. Rxd2 Bd7 25. Nxd8 Bxh3 26. Nxb7 Bg4 27. Rxd6 Rxf4 28. Nd5 Rf8 29. Rxa6 Be2 30. Ra1 Rb8 31. Nd6 Ng5 32. b4 Rd8 33. Ne7+ Kh7 34. Nef5 g6 35. Ra7+ Kh8 36. Nxh6 Rxd6 37. h4 Rd1+ 38. Kf2 Bc4 39. hxg5 Rb1 40. Rb7 Bd5 41. Rb8+ Kg7 42. g3 Rb3 43. Rd8 Be6 44. Rd4 Kf8 45. Ng4 Bxg4 46. Rxg4 Ke7 47. Rf4 Ke6 48. Rf6+ Ke5 49. Rxg6 Rxb4 50. Rg8 Kf5 51. g6 Rb2+ 52. Kf3 Rb3+ 53. Kg2 Kf6 54. Kh3 Kg5 55. Rg7 Rb8 56. Rf7 Kxg6 57. Rf4 Kg7 58. Kg4 Ra8 59. Kg5 Rb8 60. Rf5 Ra8 61. g4 Rb8 62. Rc5 Ra8 63. Rc7+ Kg8 64. Rc6 Rb8 65. Kg6 Ra8 66. g5 Rb8 67. Kh6 Ra8 68. g6 Rb8 69. Rf6 Ra8 70. Rb6 Rc8 71. Rb7 Ra8 72. Rg7+ 1/2-1/2

[Event "Passau op 8th"]
[Site "Passau"]
[Date "2000.04.22"]
[Round "3"]
[White "Kuehlwein, Ralf"]
[Black "Troidl, Thomas"]
[Result "0-1"]
[WhiteElo "1580"]
[BlackElo "1991"]
[PlyCount "56"]
[EventDate "2000.04.21"]
[EventType "swiss"]
[EventRounds "7"]
[EventCountry "GER"]
[SourceTitle "CBM 076 Extra"]
[Source "ChessBase"]
[SourceDate "2000.07.11"]
[SourceVersion "1"]
[SourceVersionDate "2000.07.11"]
[SourceQuality "1"]

1. d4 Nf6 2. c4 g6 3. Nf3 Bg7 4. Nc3 0-0 5. e4 d6 6. Bd3 e5 7. d5 a5 8. 0-0 Na6 9. Bg5 h6 10. Bh4 g5 11. Bg3 Nh5 12. Ne1 Nf4 13. a3 Nc5 14. Na4 Nfxd3 15. Nxd3 f5 16. f3 Bd7 17. Nc3 Qe8 18. Rf2 Nxd3 19. Qxd3 f4 20. Rc2 fxg3 21. hxg3 Qg6 22. g4 Rf7 23. Nb1 Bf8 24. Nd2 Be7 25. Qc3 b6 26. b4 h5 27. gxh5 Qxh5 28. g4 Bxg4 0-1

[Event "Passau op 8th"]
[Site "Passau"]
[Date "2000.04.22"]
[Round "4"]
[White "Troidl, Thomas"]
[Black "Kiefel, Alfred"]
[Result "1/2-1/2"]
[WhiteElo "1991"]
[BlackElo "1729"]
[PlyCount "105"]
[EventDate "2000.04.21"]
[EventType "swiss"]
[EventRounds "7"]
[EventCountry "GER"]
[SourceTitle "CBM 076 Extra"]
[Source "ChessBase"]
[SourceDate "2000.07.11"]
[SourceVersion "1"]
[SourceVersionDate "2000.07.11"]
[SourceQuality "1"]

1. e4 c6 2. d3 d5 3. Nd2 dxe4 4. dxe4 e5 5. Ngf3 Qc7 6. Bc4 b5 7. Bb3 Nd7 8. Ng5 Nh6 9. a3 Nc5 10. Ba2 Bg4 11. f3 Bh5 12. Nb3 f6 13. Nxc5 Bxc5 14. Ne6 Qe7 15. Nxc5 Qxc5 16. Qe2 Bf7 17. Be3 Qe7 18. c4 b4 19. axb4 Qxb4+ 20. Qd2 a5 21. 0-0 Qxd2 22. Bxd2 Be6 23. c5 Ke7 24. Bxe6 Kxe6 25. Rxa5 Rhb8 26. Rxa8 Rxa8 27. Bc3 Nf7 28. Rd1 Ra7 29. Kf2 f5 30. exf5+ Kxf5 31. Ke3 g6 32. h4 Ke6 33. g4 Ra4 34. b4 Ra3 35. Rd3 Rb3 36. f4 h6 37. Ke4 exf4 38. Kxf4 Rb1 39. Re3+ Kd5 40. h5 Rf1+ 41. Rf3 g5+ 42. Ke3 Rxf3+ 43. Kxf3 Kc4 44. Bg7 Kxb4 45. Ke4 Kxc5 46. Kf5 Kd5 47. Kf6 Ne5 48. Kf5 Nf7 49. Kg6 Ke6 50. Bf8 Ne5+ 51. Kxh6 Nxg4+ 52. Kxg5 Nf6 53. Kg6 1/2-1/2

[Event "Regionalliga NO 9798"]
[Site "Bayern"]
[Date "1998.??.??"]
[Round "?.8"]
[White "Tauer, Norbert"]
[Black "Troidl, Thomas"]
[Result "0-1"]
[WhiteElo "1605"]
[BlackElo "1995"]
[PlyCount "66"]
[EventDate "1997.10.??"]
[EventType "team-tourn"]
[EventRounds "9"]
[EventCountry "GER"]
[SourceTitle "EXT 2020"]
[Source "ChessBase"]
[SourceDate "2019.10.17"]
[SourceVersion "1"]
[SourceVersionDate "2019.10.17"]
[SourceQuality "1"]
[WhiteTeam "Furth im Wald"]
[BlackTeam "Regensburg Fortuna II"]
[WhiteTeamCountry "GER"]
[BlackTeamCountry "GER"]

1. e4 c5 2. Nc3 d6 3. Bc4 Nf6 4. h3 g6 5. d3 Bg7 6. f4 e5 7. Nge2 Nc6 8. 0-0 0-0 9. Nd5 Nxd5 10. Bxd5 Be6 11. c4 Bxd5 12. cxd5 Nd4 13. Nxd4 cxd4 14. fxe5 dxe5 15. Qb3 Qd7 16. Bd2 f5 17. Rac1 a5 18. Qb6 Rf6 19. Qc7 Qb5 20. Qc2 a4 21. b3 axb3 22. axb3 Raf8 23. Qc4 Rb6 24. Qxb5 Rxb5 25. b4 f4 26. Rc7 Ra8 27. Rf3 Bf8 28. g3 g5 29. gxf4 gxf4 30. Rf2 Bxb4 31. Rg2+ Kf8 32. Bxb4+ Rxb4 33. Rgg7 Ra1+ 0-1